Hospital Emergency Codes - Statistics

General Stats
  • This quiz has been taken 28 times
  • The average score is 5 of 9
Answer Stats
Emergency Color % Correct
Cardiac Arrest (adult) Blue
100%
Fire Red
100%
Bomb Threat Black
86%
Disaster | Missing Adult Yellow
71%
Hazardous Spill Orange
52%
Emergency Evacuation Green
43%
Violent Individual Purple
43%
Pediatric Emergency Pink
38%
Missing Child Adam
5%
No matching quizzes found
Score Distribution
Percent of People with Each Score
Percentile by Number Answered
Your Score History
You have not taken this quiz